Statistics for yes, and? - Ariana Grande (lyrics)

Click here to take the quiz!

General Stats

  • This quiz has been taken 44 times
  • The average score is 310 of 344

Answer Stats

Answer% Correct
a
100%
and?)
100%
and?“
100%
And
100%
and
100%
(Be
100%
be
100%
Be
100%
(I
100%
I
100%
(Say
100%
Say
100%
shit
100%
that
100%
with
100%
“Yes,
100%
(Yes,
100%
“Yes
100%
you
100%
your
100%
Your
100%
yours
100%
best
97%
chest,
97%
chest
97%
chest)
97%
friend
97%
fucking
97%
if
97%
in
97%
In
97%
Just
97%
just
97%
like,
97%
like
97%
lipstick
97%
(No
97%
no,
97%
no
97%
on,
97%
on
97%
own
97%
own)
97%
own,
97%
put
97%
so
97%
find
94%
not
94%
situation
94%
the
94%
What
94%
what
94%
yourself
94%
Boy,
91%
case
91%
come
91%
Come
91%
do
91%
everybody's
91%
haven't
91%
Keep
91%
next?“
91%
noticed
91%
what's
91%
“What's
91%
What's
91%
dark
88%
Don't
88%
(Don't
88%
don't
88%
from
88%
(My
88%
my
88%
My
88%
somebody
88%
this
88%
tired
88%
way
88%
we
88%
can
84%
healing
84%
I'm
84%
is
84%
light
84%
see
84%
something
84%
tell
84%
turn
84%
one
81%
Or
81%
right
81%
through
81%
walk
81%
care
78%
mine
78%
mine,
78%
mine)
78%
moving
78%
think,
78%
Well,
78%
(Yeah)
78%
done
75%
fire
75%
hide
75%
caring
72%
much
72%
nothing)
72%
ride?
72%
Why
72%
Why?
72%
won't
72%
body,
69%
change
69%
comment
69%
life
69%
most
69%
need
69%
reply
69%
speak
69%
tongue
69%
Underneath
69%
upon
69%
whose
69%
authentic
66%
business
66%
disguise)
66%
disguise
66%
energy
66%
face
66%
projections
66%
sexy,
66%
time
66%
time)
66%
sacred,
63%
sitting,
59%
Protected,
56%
discerning
50%
mind)
47%
Now,
44%
baby)
41%
(It's
38%
it's
38%
their
38%

Score Distribution

Percentile by Number Answered

Percent of People with Each Score

Your Score History

You have not taken this quiz